000 01121cam a22003377a 4500
003 CHAP
005 20220329133521.0
008 971013s1991 r 00010 d
010 _a7292
011 _a8264
035 _a7490
040 _cCHAP
082 _a598.203
_bE5Y
245 0 _aEnciclopedia ilustrada de las aves
260 _aBarcelona :
_bPlaza & Jones,
_c1991
300 _a420 p.
_b: ilus.
490 0 _aColección materia viva
_v; 6
500 _aTrad. de: A complete checklist of birds of the world, 3 ed. de 1990
590 _aBATCH-UPD
_b10
_c20130110
_lUCH01
_h0050
590 _aBATCH-UPD
_b10
_c20130110
_lUCH01
_h1850
590 _aBATCH-UPD
_b10
_c20130410
_lUCH01
_h1219
590 _aBATCH-UPD
_b10
_c20130914
_lUCH01
_h2116
590 _aCONVERSION
_b10
_c20130109
_lUCH01
_h1305
650 1 4 _aAves
_xDiccionarios.
_98599
650 1 4 _aEnciclopedias y diccionarios.
_936750
700 0 _aPerrins, Christopher M.
_987266
830 0 _aColección materia viva
_v; 6
_924920
901 _aBK
942 _cLIBRO
949 _a598.203 E5Y 1990
_bBC
_cC
_d33724002014496
_eC
_gI.166962
_h83659
_i7490
_si
_t390.00
999 _c7292
_d7292